000 00299nam a2200109Ia 4500
008 220204s9999 xx 000 0 und d
082 _a058:339.564
_bKER
245 4 _aThe Kerala exporters directory
260 _aKerala, India
_bSmall Industries Service Institute(SISI
490 _a2001
942 _cBK
999 _c44001
_d44001